000 00945nam a22002657a 4500
005 20240530110353.0
008 141229s2010 ua g b 000 0dara d
017 _a22321
_bمصر . دار الكتب المصرية
020 _a9770526495
040 _aEG-CaGPL
041 0 _aara
082 0 4 _221
_a155.455\
_bم إ
100 0 _aمحمد يوسف حجاج
245 1 2 _aالانتقاء النفسى والعقلى للموهوبين فى المجال الرياضى /
_cمحمد يوسف حجاج
250 _aط1
260 _aالقاهرة :
_bمكتبة الانجلو المصرية ،
_c2010
300 _a133 ص ؛
_c24 سم
504 _aببليوجرافية : ص 127 - 133
650 0 4 _aالموهوبون
650 0 4 _aالرياضيون
650 0 4 _aالموهوبون
_xعلم النفس
650 0 4 _aالرياضيون
_xعلم النفس
942 _2ddc
_cBK
999 _c60113
_d60113